| 000 | 00793aam a2200301 i 4500 | ||
|---|---|---|---|
| 001 | 768714001 | ||
| 003 | CO-MdFUSB | ||
| 005 | 20250520165751.0 | ||
| 007 | ta | ||
| 008 | 250520t1985 -us||||| |||| 00| 0 eng d | ||
| 020 | _a0-687-21324-X | ||
| 040 | _cCO-MdFUSB | ||
| 041 | 0 | _aeng | |
| 082 | 0 | 4 |
_223 _a248.4 _bD6855f |
| 100 | 1 |
_aDonnelly, Doris _eautor |
|
| 245 | 1 | 0 |
_aLearning to forgive _c/ Doris Donnelly |
| 264 | 1 |
_bAbingdon Press, _aNashville, USA : _c[1985] |
|
| 264 | 4 | _c©1985 | |
| 300 | _a127 páginas | ||
| 336 |
_atexto _btxt _2rdacontent |
||
| 337 |
_2rdamedia _asin mediación _bn |
||
| 338 |
_2rdacarrier _avolumen _bnc |
||
| 563 | _aRústico | ||
| 650 | 1 | 0 |
_aVida cristiana _919 |
| 650 | 1 | 0 |
_aPerdón de los pecados _91059 |
| 942 | _cBK | ||
| 945 | _aElías Tolentino | ||
| 999 |
_c35781 _d35781 |
||